Grupos de empresas, defensa de la competencia y derechos del consumidor

Gespeichert in:
Bibliographische Detailangaben
1. Verfasser: Quaglia, Marcelo Carlos (VerfasserIn)
Format: Buch
Sprache:Spanisch
Veröffentlicht: Buenos Aires La Ley 2002
Schlagworte:
Tags: Tag hinzufügen
Keine Tags, Fügen Sie den ersten Tag hinzu!

MARC

LEADER 00000nam a2200000 a 4500
001 UCK9939
003 CL-VaPUC
008 060609e20020000AG |||||||||||||||||spa|d
020 |a 9505276346 
082 0 4 |a 343.071  |b QUA  |2 21 
100 0 |a Quaglia, Marcelo Carlos  |e author  |9 499861 
245 1 0 |a Grupos de empresas, defensa de la competencia y derechos del consumidor 
300 |a 238 p 
942 |c BK 
945 |d 20060609 00:00:00  |a jtorresc 
260 |a Buenos Aires  |b La Ley  |c 2002 
650 0 |a Derecho comparado  |9 255664 
650 7 |a DEFENSA DEL CONSUMIDOR  |2 CL-VaPUC  |9 435377 
650 7 |a DERECHO DEL CONSUMIDOR  |2 CL-VaPUC  |9 474425 
650 0 |a Derecho civil  |9 255013 
650 7 |a RESPONSABILIDAD CIVIL  |2 CL-VaPUC  |9 499862 
650 0 |a Contratos comerciales  |9 374028 
583 |a last modification  |c 20060609 00:00:00  |k Rodrigo Vera 
999 |c 316937  |d 316935 
952 |0 0  |1 0  |4 0  |6 343_071000000000000_QUA_2002  |7 0  |8 A  |9 392563  |a BIBDER  |b BIBDER  |d 2019-11-22  |i 4239814  |l 3  |o 343.071 QUA 2002  |p 4239814  |r 2023-06-16  |s 2023-06-16  |w 2019-11-22  |y BK  |k DER